Pandit Mukut Behari Lal Bhargava (Record no. 484546)

000 -LEADER
fixed length control field 00433cam a22001337a 4500
008 - FIXED-LENGTH DATA ELEMENTS--GENERAL INFORMATION
fixed length control field 180718b1997 xxu||||| |||| 00| 0 eng d
082 ## - DEWEY DECIMAL CLASSIFICATION NUMBER
Classification number A99 B469/In2
245 ## - TITLE STATEMENT
Title Pandit Mukut Behari Lal Bhargava
Statement of responsibility, etc. by Lok Sabha Secretariat
260 ## - PUBLICATION, DISTRIBUTION, ETC.
Place of publication, distribution, etc. New Delhi
Name of publisher, distributor, etc. Lok Sabha Secretariat
Date of publication, distribution, etc. 1997
300 ## - PHYSICAL DESCRIPTION
Extent 122p.
440 ## - SERIES STATEMENT/ADDED ENTRY--TITLE
Title Eminent Parliamentarians Monograph Series, 16
650 ## - SUBJECT ADDED ENTRY--TOPICAL TERM
Topical term or geographic name entry element Bhargava, Mukut Behari Lal
700 ## - ADDED ENTRY--PERSONAL NAME
Personal name Lok Sabha Secretariat
Holdings
Withdrawn status Lost status Damaged status Not for loan Permanent Location Current Location Date acquired Full call number Barcode Date last seen Price effective from Koha item type
        Indian Institute of Public Administration Indian Institute of Public Administration 2018-08-04 A99 B469/In2 GG22442 2018-08-04 2018-08-04 GG

Powered by Koha